Celtic FC All-Time Starting XI - Statistics

General Stats
  • This quiz has been taken 100 times
  • The average score is 6 of 13
Answer Stats
Position Player % Correct
FW (1997-2004) Henrik Larsson
91%
Coach (1965-78) Jock Stein
76%
DF (1957-75) Billy McNeill
64%
FW (1962-75) Jimmy Johnstone
64%
MF (1981-97) Paul McStay
49%
GK (1964-70) Ronnie Simpson
47%
12th player (1922-37) Jimmy McGrory
46%
DF (1970-87) Danny McGrain
44%
MF (1961-78/78-81) Bobby Lennox
41%
FW (1969-77) Kenny Dalglish
38%
MF (1959-73) Bobby Murdoch
31%
DF (1961-71) Tommy Gemmell
28%
DF (1944-66) Bobby Evans
6%
No matching quizzes found
Score Distribution
Percent of People with Each Score
Percentile by Number Answered
Your Score History
You have not taken this quiz